00811nam a2200157Ia 4500008004100000020002200041050002100063100003100084245010300115260005400218300001000272500002200282505015700304630004400461650014800505121028s9999 xx 000 0 und d a978-970-712-900-9 aKGF2530 G65 2008 aGonzález Oropeza, Manuel aLos congresos constituyentes durante los ltimos 150 años de Mexico /González Oropeza, Manuel  aMéxico:Suprema Corte de Justicia de la Nación a88 p. aIncluye Contenido aLa constitucion Politica La constitucion Economica La constitucion Federal Incidencias del Congreso Constituyente de Queretaro Referencas Bibliograficas aCongreso Constituyente-Siglo XIX-Mexico aConstitucion Politica de los Estados Unidos Mexicanos-Aspectos Politicos-Aspectos Economicos Asamblea de Queretaro Poder cosntituyenteÌ